| 000 | 00608 a2200253 4500 | ||
|---|---|---|---|
| 260 | _aParis. | ||
| 711 | _d20-28/10/1966 | ||
| 711 | _cAbidjan,Côte-d'Ivoire. | ||
| 260 | _bUNESCO. | ||
| 245 | _aActes du symposium sur l'océanographie et les ressources halieutiques de l'Atlantique tropical:Rapports de synthèse et communications. | ||
| 300 | _a430p. | ||
| 260 | _c1969 | ||
| 300 | _bIll. | ||
| 130 | _lFr. | ||
| 130 | _lEn. | ||
| 710 | _aICITA | ||
| 710 | _aGTS | ||
| 710 | _aUNESCO | ||
| 710 | _aFAO | ||
| 710 | _aOUA. | ||
| 690 | _aocéanographie. | ||
| 999 |
_c26020 _d26020 |
||